Historia de la marina mercante chilena: 1541-2006
محفوظ في:
| المؤلفون الرئيسيون: | , , , |
|---|---|
| التنسيق: | كتاب |
| اللغة: | الإسبانية |
| منشور في: |
Asociación Nacional de Armadores
2006
|
| الطبعة: | 1a. ed |
| الموضوعات: | |
| الوسوم: |
إضافة وسم
لا توجد وسوم, كن أول من يضع وسما على هذه التسجيلة!
|
MARC
| LEADER | 00000cam a2200000 a 4500 | ||
|---|---|---|---|
| 001 | UCG9870 | ||
| 003 | CL-VaPUC | ||
| 008 | 120412e20060000CL |||||||||||||||||spa|d | ||
| 020 | |a 9563103688 | ||
| 082 | 0 | 4 | |a 387.983 |b GAR |2 21 |
| 100 | |a Garrido Álvarez de la Rivera, Eugenia |e author |9 778593 | ||
| 700 | 0 | |a Rivera Silva, Eduardo |e author |9 561594 | |
| 700 | 0 | |a Castagneto Garviso, Piero |e author |9 561595 | |
| 700 | 0 | |a Mesina Hurtado, Vicente |e author |9 561596 | |
| 245 | 1 | 0 | |a Historia de la marina mercante chilena: 1541-2006 |
| 250 | |a 1a. ed | ||
| 300 | |a 263 p | ||
| 942 | |c BK | ||
| 945 | |d 20120412 00:00:00 |a dcastane | ||
| 260 | |b Asociación Nacional de Armadores |c 2006 | ||
| 650 | 0 | |a Transporte marítimo |9 260127 | |
| 650 | 0 | |a Puertos |9 260105 | |
| 650 | 0 | |a Navegación |9 255384 | |
| 650 | 0 | |a Marina mercante |9 255383 | |
| 583 | |a last modification |c 20130402 03:17:59 |k Rodrigo Vera | ||
| 999 | |c 347397 |d 347395 | ||
| 952 | |0 0 |1 0 |4 0 |6 387_983000000000000_GAR_2006 |7 0 |8 A |9 448701 |a BIBHIS |b BIBHIS |d 2019-11-22 |i 4854500 |o 387.983 GAR 2006 |p 4854500 |r 2025-01-20 |w 2019-11-22 |y BK |k HIS | ||
| 952 | |0 0 |1 0 |4 0 |6 387_983000000000000_GAR_2006 |7 0 |8 A |9 448702 |a BIBING |b BIBING |d 2019-11-22 |i 4879600 |o 387.983 GAR 2006 |p 4879600 |r 2025-01-20 |w 2019-11-22 |y BK |k CUI | ||
| 952 | |0 0 |1 0 |4 0 |6 387_983000000000000_GAR_2006 |7 0 |8 X |9 448703 |a FDOBUD |b FDOBUD |d 2019-11-22 |i 4881281 |o 387.983 GAR 2006 |p 4881281 |r 2019-11-22 |w 2019-11-22 |y BK_X |k BUD | ||